Arabic Speaking Countries - Sudden Death - Statistics

General Stats
  • This quiz has been taken 896 times
  • The average score is 13 of 24
Answers on the Grid
Answers color-coded by a green-red scale on the quiz's grid according to % correct below.
Morocco
Mauritania
Mali
Algeria
Tunisia
Libya
Egypt
Sudan
Chad
Djibouti
Eritrea
Somalia
Saudi Arabia
Oman
Yemen
Qatar
Bahrain
United Arab Emirates
Kuwait
Iraq
Syria
Lebanon
Jordan
Comoros
Mauritius
Seychelles
India
Pakistan
Bangladesh
Indonesia
Malaysia
Singapore
Iran
Turkey
Nigeria
Burkina Faso
Niger
Ethiopia
South Sudan
Namibia
Senegal
Gambia
Cape Verde
Spain
Malta
Central African Republic
Turkmenistan
Kyrgyzstan
 
Answer Stats
Answer % Correct
Egypt
68%
Saudi Arabia
68%
Qatar
66%
United Arab Emirates
66%
Yemen
65%
Morocco
64%
Iraq
63%
Jordan
63%
Syria
63%
Oman
62%
Algeria
61%
Tunisia
61%
Kuwait
60%
Lebanon
60%
Libya
59%
Bahrain
58%
Sudan
57%
Mauritania
41%
Somalia
40%
Djibouti
33%
Chad
26%
Comoros
26%
Eritrea
16%
Mali
15%
No matching quizzes found
Score Distribution
Percent of People with Each Score
Percentile by Number Answered
Your Score History
You have not taken this quiz